000 00670cam a22002051i 4500
001 sa 66005185
003 DLC
005 20260227112248.0
008 881202s1965 ii 000 0 eng
010 _asa 66005185
035 _a(OCoLC)18828653
040 _aDLC
_cViU
_dDLC
042 _apremarc
050 0 0 _aLB3498.H5
_bM3
100 1 _aMarwah, S. M.
245 1 0 _aFirst report of Banaras Hindu University Campus health /
_cby S. M. Marwah [and others].
260 _aVaranasi :
_bDept. of Social and Preventive Medicine, College of Medical Sciences,
_c[1965]
300 _a122 p. :
_bill., port ;
_c25 cm.
610 2 0 _aBanaras Hindu University
_xSanitary affairs.
999 _c69846
_d69846